[Event "38th Nordic Ch"]
[Site "Reykjavik ISL"]
[Date "1981.07.31"]
[Round "8"]
[White "Raaste, Eero"]
[Black "Rantanen, Yrjo"]
[Result "1/2-1/2"]
[WhiteElo "2390"]
[BlackElo "2465"]
[EventDate "1981.07.23"]
[PlyCount "30"]

1.e4 c5 2.Nf3 Nc6 3.Bb5 g6 4.O-O Bg7 5.c3 Nf6 6.Re1 O-O 7.d4 cxd4 8.cxd4 
d5 9.e5 Ne4 10.Nc3 Nxc3 11.bxc3 Na5 12.a4 Bd7 13.Ba3 Rc8 14.Bb4 Nc6 15.Ba3
Na5 1/2-1/2

[Event "38th Nordic Ch"]
[Site "Reykjavik ISL"]
[Date "1981.07.31"]
[Round "8"]
[White "Sigurjonsson, Gudmundur"]
[Black "Kristiansen, Jens"]
[Result "1/2-1/2"]
[WhiteElo "2440"]
[BlackElo "2430"]
[EventDate "1981.07.23"]
[PlyCount "197"]

1.Nf3 Nf6 2.g3 g6 3.Bg2 Bg7 4.c4 O-O 5.d4 d6 6.O-O c6 7.Nc3 Bf5 8.Ne1 Na6 
9.e4 Bg4 10.f3 Bd7 11.Be3 e5 12.Rf2 exd4 13.Bxd4 Be6 14.Bf1 Qe7 15.Qd2 Nc5
16.Rd1 Rfd8 17.Qe3 Ncd7 18.Qd2 a6 19.Be3 Ne5 20.b3 b5 21.cxb5 axb5 22.Nd3 
Nxd3 23.Bxd3 Nd7 24.Bg5 Bf6 25.Bxf6 Qxf6 26.Bf1 Ne5 27.Qf4 Qe7 28.Qe3 b4 
29.Na4 c5 30.Nb6 Ra7 31.Rfd2 Nc6 32.Bc4 Nd4 33.Nd5 Bxd5 34.Bxd5 Kg7 35.Rf2
Nb5 36.Rdd2 Nc3 37.a4 Nxd5 38.Rxd5 Rc7 39.Qd3 Rdc8 40.Qc4 Qf6 41.Kg2 Rc6 
42.Rfd2 Qa1 43.Rxd6 Qc3 44.Qxc3+ bxc3 45.Rxc6 cxd2 46.Rd6 c4 47.bxc4 Rxc4 
48.Rxd2 Rxa4 49.h4 h5 50.Kh3 Ra3 51.Rf2 Re3 52.g4 hxg4+ 53.Kxg4 Kf6 54.Rh2
Ke6 55.h5 gxh5+ 56.Rxh5 f6 57.Ra5 Kf7 58.Ra7+ Kg6 59.Re7 Re1 60.Re6 Rg1+ 
61.Kf4 Kf7 62.Ra6 Rb1 63.Rd6 Ke7 64.Rd5 Ke6 65.Ke3 Re1+ 66.Kf2 Ra1 67.f4 
Ra3 68.Ke2 Rb3 69.Rd3 Rb1 70.Ra3 Rh1 71.Ra6+ Ke7 72.Kf3 Re1 73.Ra7+ Kf8 
74.Ra4 Rg1 75.Ra2 Kf7 76.Rf2 Ra1 77.Kg4 Ra4 78.Re2 Kg6 79.Kf3 Kf7 80.Rb2 
Ke7 81.Rb7+ Kf8 82.Ke3 Ke8 83.Kd3 Kf8 84.Rb5 Ke7 85.Rc5 Kd6 86.Rc4 Ra3+ 
87.Rc3 Ra4 88.Rb3 Ke7 89.Rb7+ Kf8 90.Ke3 Ke8 91.Rc7 Kf8 92.Kf3 Ke8 93.Rb7 
Kf8 94.f5 Ra1 95.Kg4 Rg1+ 96.Kh5 Rg2 97.Kh6 Rg1 98.Kh7 Rg2 99.Ra7 1/2-1/2

[Event "38th Nordic Ch"]
[Site "Reykjavik ISL"]
[Date "1981.08.01"]
[Round "9"]
[White "Heim, Sverre"]
[Black "Petursson, Margeir"]
[Result "0-1"]
[WhiteElo "2430"]
[BlackElo "2460"]
[EventDate "1981.07.23"]
[PlyCount "92"]

1.g3 d5 2.Bg2 c6 3.d3 Nf6 4.Nf3 Bg4 5.Nbd2 Nbd7 6.h3 Bh5 7.O-O e5 8.e4 Bd6
9.Qe1 O-O 10.Nh4 Re8 11.Nf5 Nc5 12.Nb3 Bg6 13.Bg5 Bxf5 14.exf5 h6 15.Be3 
Nxb3 16.axb3 Qd7 17.g4 Bc7 18.Qb4 a5 19.Qa3 h5 20.f3 b5 21.Bg5 b4 22.Qa2 
Qd6 23.Bxf6 gxf6 24.gxh5 e4 25.f4 exd3 26.cxd3 Kh7 27.Qb1 Re2 28.Qd1 Qe7 
29.Kh1 Rg8 30.Bf3 Rxb2 31.Bg4 Re8 32.Rb1 Rxb1 33.Qxb1 Qe3 34.Qd1 Bxf4 35.
Qf3 Qxf3+ 36.Rxf3 Be5 37.Rf1 c5 38.Bf3 Rd8 39.Rc1 Bc3 40.Rc2 c4 41.dxc4 
dxc4 42.bxc4 a4 43.Bc6 a3 44.Ba4 Rd3 45.c5 Be5 46.c6 b3 0-1

[Event "38th Nordic Ch"]
[Site "Reykjavik ISL"]
[Date "1981.08.01"]
[Round "9"]
[White "Helmers, Knut"]
[Black "Ornstein, Axel"]
[Result "1/2-1/2"]
[WhiteElo "2420"]
[BlackElo "2480"]
[EventDate "1981.07.23"]
[PlyCount "34"]

1.Nf3 Nf6 2.c4 b6 3.g3 Bb7 4.Bg2 c5 5.O-O e6 6.Nc3 Be7 7.Re1 d5 8.cxd5 
exd5 9.d4 O-O 10.dxc5 bxc5 11.Nh4 Qd7 12.e4 Nxe4 13.Nxe4 dxe4 14.Qxd7 Nxd7
15.Bxe4 Bxe4 16.Rxe4 Bf6 17.Rb1 Rfe8 1/2-1/2

[Event "38th Nordic Ch"]
[Site "Reykjavik ISL"]
[Date "1981.08.01"]
[Round "9"]
[White "Hoei, Carsten"]
[Black "Olafsson, Helgi"]
[Result "0-1"]
[WhiteElo "2415"]
[BlackElo "2425"]
[EventDate "1981.07.23"]
[PlyCount "120"]

1.d4 Nf6 2.c4 e6 3.Nc3 Bb4 4.e3 b6 5.Ne2 Ba6 6.a3 Be7 7.Nf4 d5 8.b3 O-O 9.
Bd3 dxc4 10.bxc4 Nc6 11.O-O Na5 12.Qe2 c5 13.d5 e5 14.Nh5 Nxh5 15.Qxh5 g6 
16.Qe2 f5 17.f3 Bf6 18.Bb2 Bc8 19.a4 Nb7 20.e4 f4 21.Kh1 Bd7 22.g3 g5 23.
gxf4 gxf4 24.Nd1 Kh8 25.Nf2 Qe7 26.Bc3 Rg8 27.Ng4 Bg7 28.Rg1 h5 29.Nf2 Bf6
30.Bc2 Nd6 31.Bb3 Nf7 32.Nd3 Ng5 33.d6 Qe6 34.Qb2 Nxf3 35.Nxf4 exf4 36.
Bxf6+ Kh7 37.Rgf1 Rg3 38.Bd1 Nxh2 39.Rxf4 Rh3 40.Kg2 Qg8+ 41.Bg7 Qxg7+ 42.
Qxg7+ Kxg7 43.a5 Rg8 44.e5 Kh6+ 45.Kf2 Ng4+ 46.Bxg4 hxg4 47.Rf6+ Rg6 48.
Rf7 g3+ 49.Ke2 Bg4+ 50.Ke3 Rg7 51.Rxg7 Kxg7 52.Kf4 Bd7 53.axb6 axb6 54.Ra7
g2 55.Rxd7+ Kh6 56.Rd8 g1=Q 57.Rh8+ Kg7 58.Rxh3 Qf1+ 59.Rf3 Qxc4+ 60.Kf5 
Kf7 0-1

[Event "38th Nordic Ch"]
[Site "Reykjavik ISL"]
[Date "1981.08.01"]
[Round "9"]
[White "Kristiansen, Jens"]
[Black "Raaste, Eero"]
[Result "1-0"]
[WhiteElo "2430"]
[BlackElo "2390"]
[EventDate "1981.07.23"]
[PlyCount "93"]

1.e4 e6 2.d4 d5 3.Nc3 Bb4 4.e5 Qd7 5.a3 Bf8 6.f4 b6 7.Nf3 Bb7 8.Be3 Nc6 9.
b4 Nge7 10.Bd3 Nf5 11.Bf2 h5 12.O-O a5 13.b5 Nce7 14.Qd2 O-O-O 15.a4 Kb8 
16.Ne2 Ng6 17.c3 Be7 18.Qc2 h4 19.g4 hxg3 20.hxg3 Rdg8 21.Kg2 Nf8 22.Rh1 
Nh6 23.Rh5 f5 24.Rah1 Nf7 25.Rxh8 Nxh8 26.Be3 Nf7 27.Ng5 Nh6 28.Bc1 Ng4 
29.Nf3 Ng6 30.Neg1 Qe8 31.Nh3 Nh8 32.Nhg5 Bd8 33.Nxe6 Nh6 34.Nxd8 Qxd8 35.
Bxf5 Nxf5 36.Qxf5 Bc8 37.Qg5 Qf8 38.g4 Nf7 39.Qg6 Nh8 40.Qg5 Nf7 41.Qg6 
Nh8 42.Qh5 g6 43.Qh4 g5 44.Nxg5 Nf7 45.Nh7 Qg7 46.Nf6 Qg6 47.Qh7 1-0

[Event "38th Nordic Ch"]
[Site "Reykjavik ISL"]
[Date "1981.08.02"]
[Round "10"]
[White "Ornstein, Axel"]
[Black "Hoei, Carsten"]
[Result "0-1"]
[WhiteElo "2480"]
[BlackElo "2415"]
[EventDate "1981.07.23"]
[PlyCount "80"]

1.d4 g6 2.c4 Bg7 3.g3 Nf6 4.Bg2 O-O 5.Nc3 d6 6.Nf3 Bg4 7.h3 Bxf3 8.Bxf3 
Nc6 9.e3 Nd7 10.Be2 e5 11.d5 Ne7 12.Bd2 f5 13.Qc2 c6 14.dxc6 bxc6 15.b4 
Kh8 16.b5 Nc5 17.O-O Rc8 18.bxc6 Nxc6 19.Rab1 e4 20.Na4 Qe7 21.Nxc5 dxc5 
22.Rb5 h5 23.h4 Rfd8 24.Rfb1 Rd7 25.Be1 Kh7 26.Qa4 Ne5 27.Rb8 Rxb8 28.Rxb8
Nd3 29.Ba5 Rb7 30.Rxb7 Qxb7 31.Qb5 Qe7 32.Kg2 Kh6 33.Qb8 Kh7 34.a3 Qd7 35.
Qb5 Qd6 36.Qe8 Nc1 37.Bf1 Nb3 38.Bd8 Qd1 39.Qf7 Qxd8 40.Qxa7 Qd1 0-1

[Event "38th Nordic Ch"]
[Site "Reykjavik ISL"]
[Date "1981.08.02"]
[Round "10"]
[White "Petursson, Margeir"]
[Black "Helmers, Knut"]
[Result "1/2-1/2"]
[WhiteElo "2460"]
[BlackElo "2420"]
[EventDate "1981.07.23"]
[PlyCount "102"]

1.Nf3 Nf6 2.c4 e6 3.g3 b6 4.Bg2 Bb7 5.O-O c5 6.b3 Be7 7.Bb2 O-O 8.d3 d5 9.
e3 Nc6 10.Qe2 dxc4 11.bxc4 Qc7 12.Nc3 a6 13.Rfd1 Rfd8 14.Rac1 Rab8 15.Ba1 
Na7 16.Nd2 Bxg2 17.Kxg2 b5 18.cxb5 axb5 19.Kg1 Qb6 20.Nce4 Nd7 21.Nb3 Rbc8
22.h4 e5 23.Bc3 Nc6 24.Rc2 Nf6 25.Nxf6+ Bxf6 26.Rdc1 Be7 27.Bd2 Rd5 28.e4 
Rdd8 29.Qg4 Ra8 30.Be3 Nb4 31.Rxc5 Qg6 32.Qxg6 hxg6 33.Rxe5 Bf6 34.Rxb5 
Nxd3 35.Rd1 Rxa2 36.Rd5 Rxd5 37.exd5 Ne5 38.d6 Nd7 39.Nc5 Ra7 40.Ne4 Ra8 
41.Rb1 Kf8 42.Kf1 Ra1 43.Rxa1 Bxa1 44.Ke2 Ke8 45.Bf4 Nf6 46.Nc5 Nd5 47.Kf3
Nxf4 48.gxf4 f6 49.Ne6 Kd7 50.Nf8+ Kxd6 51.Nxg6 f5 1/2-1/2

[Event "38th Nordic Ch"]
[Site "Reykjavik ISL"]
[Date "1981.08.02"]
[Round "10"]
[White "Raaste, Eero"]
[Black "Schussler, Harry"]
[Result "1/2-1/2"]
[WhiteElo "2390"]
[BlackElo "2495"]
[EventDate "1981.07.23"]
[PlyCount "48"]

1.e4 c6 2.d4 d5 3.Nd2 dxe4 4.Nxe4 Nf6 5.Nxf6+ gxf6 6.Nf3 Bf5 7.Bd3 Bxd3 8.
Qxd3 e6 9.Bf4 Na6 10.Qb3 Qa5+ 11.Bd2 Qb6 12.Qxb6 axb6 13.O-O Kd7 14.c4 Nc7
15.a4 Be7 16.Bc3 b5 17.axb5 cxb5 18.b3 bxc4 19.bxc4 b5 20.cxb5 Nxb5 21.Bd2
Nc7 22.g3 Nd5 23.Rfb1 Bd6 24.Kg2 Bc7 1/2-1/2

[Event "38th Nordic Ch"]
[Site "Reykjavik ISL"]
[Date "1981.08.02"]
[Round "10"]
[White "Rantanen, Yrjo"]
[Black "Kristiansen, Jens"]
[Result "1/2-1/2"]
[WhiteElo "2465"]
[BlackElo "2430"]
[EventDate "1981.07.23"]
[PlyCount "232"]

1.e4 c5 2.Nf3 e6 3.d4 cxd4 4.Nxd4 Nf6 5.Nc3 d6 6.f4 Be7 7.Bd3 a6 8.O-O Qc7
9.Kh1 Nbd7 10.Qe1 b5 11.a4 b4 12.Nd1 Nc5 13.Bd2 Bb7 14.Nf2 a5 15.Bb5+ Nfd7
16.c3 bxc3 17.Bxc3 O-O 18.Nf3 Nf6 19.Nd2 d5 20.e5 Nfe4 21.Nfxe4 dxe4 22.
Qe3 Rfd8 23.Bd4 Rac8 24.Rac1 Qb8 25.Rc3 Qa8 26.Nc4 Na6 27.Nb6 Rxc3 28.bxc3
Qb8 29.f5 exf5 30.Rxf5 Qc7 31.Bc4 Rf8 32.Qf4 Bc5 33.Nd5 Bxd5 34.Bxd5 Qd7 
35.Qxe4 Bxd4 36.cxd4 Qxa4 37.h3 Nc7 38.Bc6 Qd1+ 39.Kh2 Rd8 40.Rf4 Ne6 41.
Rh4 Ng5 42.Qe3 Ne6 43.d5 Nf8 44.Rd4 Qc2 45.Qe4 Qxe4 46.Rxe4 Ng6 47.d6 f6 
48.exf6 Rxd6 49.Re8+ Kf7 50.fxg7 Kxg7 51.Bb5 Rd5 52.Bc4 Rc5 53.Bd3 Rc3 54.
Be4 a4 55.Ra8 a3 56.Ra7+ Kg8 57.Kg1 Re3 58.Bd5+ Kh8 59.Kf2 Rd3 60.Be4 Rc3 
61.g3 Nf8 62.h4 h6 63.Kg2 Re3 64.Bf5 Re5 65.Bd3 Re3 66.Rxa3 Re7 67.Ra6 Kg7
68.Kh3 Rd7 69.Bf5 Rd4 70.Rb6 Ra4 71.Rb7+ Kf6 72.Bc2 Rd4 73.Bb3 Rd7 74.Rb6+
Kg7 75.Kg4 Rc7 76.Kf5 Rc5+ 77.Kf4 Rc7 78.Rd6 Rb7 79.Bc2 Rc7 80.Be4 Rf7+ 
81.Kg4 Rf6 82.Rd4 Rf7 83.Rd6 Rf6 84.Rd4 Rf7 85.Bc2 Rc7 86.Bb3 Rb7 87.Ba2 
Rd7 88.Ra4 Rb7 89.Kh3 Ng6 90.Rg4 Kf6 91.Bd5 Rb8 92.Be4 Ne5 93.Rf4+ Kg7 94.
Rf5 Re8 95.Bd5 Re7 96.Rf4 Rd7 97.Bg2 Rf7 98.Ra4 Re7 99.Ra6 Ng6 100.Bd5 Rd7
101.Be4 Nf8 102.Kg4 Rd4 103.Kf4 Rd7 104.Bf5 Rc7 105.Kg4 Rc5 106.Ra7+ Kf6 
107.Bb1 Rd5 108.Ra6+ Kg7 109.Bf5 Rc5 110.Ra4 h5+ 111.Kf4 Ng6+ 112.Bxg6 
Kxg6 113.Ra6+ Kg7 114.Re6 Rc4+ 115.Re4 Rc3 116.Re5 Kg6 1/2-1/2

[Event "38th Nordic Ch"]
[Site "Reykjavik ISL"]
[Date "1981.08.02"]
[Round "10"]
[White "Sigurjonsson, Gudmundur"]
[Black "Heim, Sverre"]
[Result "1/2-1/2"]
[WhiteElo "2440"]
[BlackElo "2430"]
[EventDate "1981.07.23"]
[PlyCount "29"]

1.Nf3 Nf6 2.g3 c5 3.Bg2 d5 4.O-O e6 5.d4 Nc6 6.c4 dxc4 7.Ne5 Bd7 8.Nxc6 
Bxc6 9.Bxc6+ bxc6 10.Qa4 Qb6 11.dxc5 Bxc5 12.Qxc4 O-O 13.Nd2 Be7 14.Nb3 
Qb5 15.Qxb5 1/2-1/2

[Event "38th Nordic Ch"]
[Site "Reykjavik ISL"]
[Date "1981.08.03"]
[Round "11"]
[White "Hoei, Carsten"]
[Black "Petursson, Margeir"]
[Result "1-0"]
[WhiteElo "2415"]
[BlackElo "2460"]
[EventDate "1981.07.23"]
[PlyCount "107"]

1.d4 d5 2.c4 e6 3.Nc3 c5 4.e3 Nf6 5.Nf3 a6 6.a3 dxc4 7.Bxc4 b5 8.Ba2 Bb7 
9.O-O Nbd7 10.e4 cxd4 11.Nxd4 Bc5 12.Be3 O-O 13.f3 Ne5 14.Bf2 Qd6 15.Nb3 
Bxf2+ 16.Rxf2 Qc7 17.Rc1 Nc4 18.Nd4 Rfd8 19.Bxc4 bxc4 20.Rd2 Nd7 21.Na4 
Ne5 22.b4 a5 23.Qc2 axb4 24.axb4 h6 25.Nc5 Qb6 26.Rb1 Ra3 27.Ne2 Rda8 28.
h3 Ba6 29.Kh1 Bb5 30.Nc3 Nd3 31.Rdd1 h5 32.Qd2 h4 33.Nxd3 cxd3 34.e5 Bc4 
35.Ne4 Bd5 36.Nc5 Qb5 37.Qg5 Qc6 38.Rbc1 Ra2 39.Nxd3 Qb6 40.Nf4 Bxf3 41.
gxf3 Qf2 42.Ng2 Qxf3 43.Rd8+ Kh7 44.Rxa8 Qxh3+ 45.Kg1 Rxa8 46.Qxh4+ Qxh4 
47.Nxh4 Ra2 48.Rb1 Kg8 49.b5 Kf8 50.b6 Ra8 51.Nf3 Ke7 52.Rc1 Rb8 53.Rc7+ 
Kd8 54.Rxf7 1-0

[Event "38th Nordic Ch"]
[Site "Reykjavik ISL"]
[Date "1981.08.03"]
[Round "11"]
[White "Heim, Sverre"]
[Black "Raaste, Eero"]
[Result "1/2-1/2"]
[WhiteElo "2430"]
[BlackElo "2390"]
[EventDate "1981.07.23"]
[PlyCount "85"]

1.c4 e6 2.Nf3 Nf6 3.g3 d5 4.b3 c5 5.Bg2 Nc6 6.O-O Be7 7.Bb2 O-O 8.e3 a6 9.
d4 Bd7 10.cxd5 exd5 11.dxc5 Bxc5 12.Nc3 Bg4 13.Rc1 Ba7 14.Ne2 Ne4 15.h3 
Bxf3 16.Bxf3 Qa5 17.Nc3 Rad8 18.Bg2 Nxf2 19.Rxf2 d4 20.exd4 Bxd4 21.Qf1 
Ne5 22.Nd1 Qd2 23.Kh2 Bxf2 24.Qxf2 Qh6 25.Qe2 Nd3 26.Rc2 Rfe8 27.Qg4 Ne1 
28.Rf2 Nxg2 29.Kxg2 Rd2 30.Qf3 Rxf2+ 31.Nxf2 Qd2 32.Bc3 Qe3 33.Bb4 h6 34.
Qxb7 Re6 35.Qa8+ Kh7 36.Qf3 Qb6 37.Bd2 Rf6 38.Qe4+ Kg8 39.Be3 Qb5 40.Bd4 
Re6 41.Qa8+ Re8 42.Qf3 Re6 43.Bc3 1/2-1/2

[Event "38th Nordic Ch"]
[Site "Reykjavik ISL"]
[Date "1981.08.03"]
[Round "11"]
[White "Helmers, Knut"]
[Black "Sigurjonsson, Gudmundur"]
[Result "1-0"]
[WhiteElo "2420"]
[BlackElo "2440"]
[EventDate "1981.07.23"]
[PlyCount "75"]

1.Nf3 c5 2.c4 Nc6 3.Nc3 e5 4.e3 d6 5.d4 exd4 6.exd4 Bg4 7.Be2 Bxf3 8.Bxf3 
Nxd4 9.Be3 Nxf3+ 10.Qxf3 Qd7 11.O-O-O Qc6 12.Nd5 f6 13.Qg4 Qd7 14.Qe4+ Ne7
15.Bxc5 dxc5 16.Nxf6+ gxf6 17.Rxd7 Kxd7 18.Rd1+ Kc7 19.Qf4+ Kb6 20.Rd7 Rc8
21.Qe3 Nc6 22.Qb3+ Nb4 23.a3 Rc6 24.Kb1 Bd6 25.Qd1 Bf8 26.axb4 cxb4 27.Rd8
Rg8 28.c5+ Ka5 29.Qd5 Rg5 30.Qa2+ Kb5 31.Qxa7 Bxc5 32.Qxb7+ Bb6 33.Rc8 Rd6
34.Qe4 Bc5 35.Qe8+ Kc4 36.Qe2+ Kd4 37.Qd2+ Ke4 38.f3+ 1-0

[Event "38th Nordic Ch"]
[Site "Reykjavik ISL"]
[Date "1981.08.03"]
[Round "11"]
[White "Olafsson, Helgi"]
[Black "Ornstein, Axel"]
[Result "1/2-1/2"]
[WhiteElo "2425"]
[BlackElo "2480"]
[EventDate "1981.07.23"]
[PlyCount "31"]

1.e4 e6 2.d4 d5 3.Nd2 c5 4.exd5 Qxd5 5.Ngf3 cxd4 6.Bc4 Qd6 7.O-O Nf6 8.Nb3
Nc6 9.Nbxd4 Nxd4 10.Nxd4 a6 11.a4 Qc7 12.b3 Bd6 13.h3 O-O 14.Bb2 b6 15.Qe2
Bb7 16.Rad1 1/2-1/2

[Event "38th Nordic Ch"]
[Site "Reykjavik ISL"]
[Date "1981.08.03"]
[Round "11"]
[White "Schussler, Harry"]
[Black "Rantanen, Yrjo"]
[Result "1-0"]
[WhiteElo "2495"]
[BlackElo "2465"]
[EventDate "1981.07.23"]
[PlyCount "111"]

1.d4 Nf6 2.c4 g6 3.Nc3 Bg7 4.Nf3 O-O 5.e4 d6 6.Be2 c6 7.O-O Nbd7 8.Re1 e5 
9.Bf1 a5 10.dxe5 dxe5 11.Na4 Re8 12.Qc2 Bf8 13.c5 Qe7 14.Be3 Ng4 15.Bg5 f6
16.Bd2 Nxc5 17.Nb6 Rb8 18.h3 Nh6 19.Bxa5 Ne6 20.Bc4 Nf7 21.Rad1 Kh8 22.a4 
Nfg5 23.Nxg5 fxg5 24.Nxc8 Rbxc8 25.Bxe6 Qxe6 26.Rd3 Kg8 27.Red1 b5 28.Bd2 
Be7 29.b3 g4 30.hxg4 Qxg4 31.Rg3 Qe6 32.Rd3 Qg4 33.Rg3 Qe6 34.Rd3 Qg4 35.
f3 Qe6 36.Be3 bxa4 37.bxa4 Ra8 38.Rc1 Ra6 39.Rc3 Rc8 40.Rc4 Rca8 41.Bd2 
Rd8 42.Be3 Rda8 43.Rb1 Rd8 44.Bb6 Rc8 45.a5 Bd8 46.Rc5 Bf6 47.Rc1 Bg5 48.
Rxe5 Qxe5 49.Qc4+ Kg7 50.Bd4 Be3+ 51.Bxe3 Qxa5 52.Rd1 Qa2 53.Rd7+ Kf8 54.
Bc5+ Ke8 55.Re7+ Kf8 56.Qxa2 1-0